00345nam a2200121Ia 4500008004100000100004700041245006100088260002800149300001000177650001200187942000700199999001700206190216s9999||||xx |||||||||||||| ||und|| aGordon J Van Wylen Richard E Sonntag 0aFundamentals Of Classical Thermodynamics S I Version 2 E bWiley Eastern Ltdc1984 a744 p aPhysics cBK c33234d33234